Aplikácia RFID a cloudových služieb na sledovanie výroby

Salvato in:
Dettagli Bibliografici
Autore principale: Čuj, Peter (Autore)
Altri autori: Juhás, Martin (Relatore della tesi)
Natura: Manoscritto Libro
Lingua:slovacco
Pubblicazione: 2025
Soggetti:
Accesso online:http://is.stuba.sk/zp/portal_zp.pl?podrobnosti=176416
Tags: Aggiungi Tag
Nessun Tag, puoi essere il primo ad aggiungerne!!

MARC

LEADER 00000ntm a22000003a 4500
001 stuzp105365
003 SK-STU
005 20250628212643.9
007 ta
008 150427s2015----xo-----f-mn---000-0-slo-d
040 |a STU  |b slo 
041 0 |a slo 
100 1 |a Čuj, Peter  |u 020020  |4 aut  |U SjF Strojnícka fakulta  |T SjF Ústav automatizácie, informatizácie a merania  |X 121653  |U J0020  |Y 802  |7 121653 
242 0 1 |a Application of RFID and Cloud Services for Production Tracking  |y eng 
245 1 0 |a Aplikácia RFID a cloudových služieb na sledovanie výroby 
260 |c 2025 
650 4 |a PLC  |2 slo 
650 4 |a RFID  |2 slo 
650 4 |a cloud  |2 slo 
650 4 |a Siemens Insights Hub  |2 slo 
650 4 |a sledovanie výroby  |2 slo 
650 4 |a NodeRED  |2 slo 
650 4 |a production tracking  |2 eng 
650 4 |a Siemens Insights Hub  |2 eng 
650 4 |a PLC  |2 eng 
650 4 |a RFID  |2 eng 
650 4 |a cloud  |2 eng 
650 4 |a Node-RED  |2 eng 
700 1 |a Juhás, Martin  |u 020020  |k Z1  |4 ths  |U SjF Strojnícka fakulta  |T SjF Ústav automatizácie, informatizácie a merania  |X 2316  |U J0020  |Y 802  |7 A000002316 
856 4 |u http://is.stuba.sk/zp/portal_zp.pl?podrobnosti=176416